| 000 | 00570nam a22002057a 4500 | ||
|---|---|---|---|
| 999 |
_c17513 _d17513 |
||
| 003 | OSt | ||
| 005 | 20200430125912.0 | ||
| 008 | 200430b mp ||||| |||| 00| 0 mon d | ||
| 020 | _a92 4 154478 3 | ||
| 040 | _aBitamin A deficiency and its conseguences: | ||
| 082 | _a615.328 | ||
| 100 |
_aSommer,Alfred. _938671 |
||
| 245 |
_aBitamin A deficiency and its conseguences: _bWorld Health Organization Geneva |
||
| 250 | _a 3 хэвл, | ||
| 260 |
_aIndia.: _bEngland |
||
| 300 | _a69х. | ||
| 546 | _aEnglish | ||
| 700 |
_aSommer,Alfred. _938671 |
||
| 942 |
_2ddc _cHBOOK |
||